Countries with a "Z" - Statistics

General Stats
  • This quiz has been taken 370 times
  • The average score is 12 of 16
Answer Stats
Country % Correct
Zambia
98%
Zimbabwe
98%
Azerbaijan
85%
Mozambique
83%
Uzbekistan
82%
Brazil
75%
Kazakhstan
75%
Venezuela
75%
Belize
74%
Tanzania
74%
Kyrgyzstan
73%
New Zealand
72%
Switzerland
72%
Czech Republic
63%
Swaziland
58%
Bosnia and Herzegovina
49%
No matching quizzes found
Score Distribution
Percent of People with Each Score
Percentile by Number Answered
Your Score History
You have not taken this quiz